00333nam a2200121Ia 4500008004100000041001200041082001100053100001300064245006400077260004400141300000800185650001800193221030s9999 xx 000 0 und d aEnglish a105.23 aS. Ghosh 0aQuantitative Techniques for Financial Analysiscby S. Ghosh bIndian Inst. of FinaceaNew Delhic1999 a281 aBE Management